The first year--hepatitis C : (Record no. 670)

MARC details
000 -LEADER
fixed length control field 00782cam a22002654a 4500
005 - DATE AND TIME OF LATEST TRANSACTION
control field 20260322212029.0
008 - FIXED-LENGTH DATA ELEMENTS--GENERAL INFORMATION
fixed length control field data
010 ## - LIBRARY OF CONGRESS CONTROL NUMBER
LC control number 2001055871
020 ## - INTERNATIONAL STANDARD BOOK NUMBER
International Standard Book Number 156924541X
020 ## - INTERNATIONAL STANDARD BOOK NUMBER
International Standard Book Number 9781569245415
040 ## - CATALOGING SOURCE
Original cataloging agency DLC
Transcribing agency DLC
Modifying agency DLC
042 ## - AUTHENTICATION CODE
Authentication code pcc
050 00 - LIBRARY OF CONGRESS CALL NUMBER
Classification number RC848.H425
Item number B784 2002
082 00 - DEWEY DECIMAL CLASSIFICATION NUMBER
Classification number 616.3/623
Edition information 21
092 ## - LOCALLY ASSIGNED DEWEY CALL NUMBER (OCLC)
Classification number 616.3 B784 2002
001 - CONTROL NUMBER
control field data
100 1# - MAIN ENTRY--PERSONAL NAME
Personal name Bruce, Cara.
245 14 - TITLE STATEMENT
Title The first year--hepatitis C :
Remainder of title an essential guide for the newly diagnosed /
Statement of responsibility, etc. Cara Bruce & Lisa Montanarelli.
246 3# - VARYING FORM OF TITLE
Title proper/short title Hepatitis C
260 ## - PUBLICATION, DISTRIBUTION, ETC.
Place of publication, distribution, etc. New York :
Name of publisher, distributor, etc. Marlowe,
Date of publication, distribution, etc. c2002.
300 ## - PHYSICAL DESCRIPTION
Extent xxvi, 278 p. :
Other physical details ill. ;
Dimensions 23 cm.
504 ## - BIBLIOGRAPHY, ETC. NOTE
Bibliography, etc. note Includes bibliographical references (p. [255]-260) and index.
650 #0 - SUBJECT ADDED ENTRY--TOPICAL TERM
Topical term or geographic name entry element Hepatitis C
Form subdivision Popular works.
700 1# - ADDED ENTRY--PERSONAL NAME
Personal name Montanarelli, Lisa.
Holdings
Withdrawn status Lost status Damaged status Not for loan Home library Current library Shelving location Date acquired Total checkouts Full call number Barcode Date last seen Price effective from Koha item type
        Riverside Riverside General stacks 22/03/2026   616.3/623 21 BC0010687 22/03/2026 22/03/2026 Books